000 01776nam a2200433 i 4500
001 DIGRILEDIT1459
003 NyNyDIG
007 cr |||||||||||
008 240918s2023 cl a ob 000 0 spa d
006 m o d
035 _a(OCoLC)1440201608
040 _aDGITA
_beng
_erda
_epn
_cDGITA
020 _z9789560115058
043 _acl-----
050 1 4 _aK7302 ebook
245 0 0 _aVivienda en arriendo en América Latina :
_bdesafíos al ethos de la propiedad /
_cFelipe Link, Adriana Marín-Toro, editores.
264 1 _aSantiago de Chile :
_bInstituto de Estudios Urbanos y Territoriales UC :
_bRiL editores,
_c[2023]
300 _a1 online resource :
_billustrations.
336 _atext
_btxt
_2rdacontent
337 _acomputer
_bc
_2rdamedia
338 _aonline resource
_bcr
_2rdacarrier
347 _atext file
_2rdaft
347 _bPDF
490 1 _aColección Estudios urbanos UC
504 _aIncludes bibliographical references.
588 0 _aOnline resource; title from PDF title page (Digitalia, viewed September 18, 2024)
650 0 _aLeases
_zLatin America.
650 0 _aLandlord and tenant
_zLatin America.
650 0 _aRental housing
_zLatin America.
700 1 _aLink, Felipe,
_eeditor.
700 1 _aMarín Toro, Adriana,
_eeditor.
791 2 _aDigitalia (Firm),
_edistributor.
793 0 _gDigitalia eBook Collection:
_aRil Editores
776 0 8 _iPrint version:
_tVivienda en arriendo en América Latina.
_bPrimera edición.
_dSantiago de Chile : Instituto de Estudios Urbanos y Territoriales UC : RiL editores, [2023]
_z9789560115058
830 0 _aColección Estudios urbanos UC.
856 4 0 _3Digitalia Hispánica
_uhttps://www.digitaliapublishing.com/a/156837/
910 _aPremium collection: 2024
942 _cRAA
999 _c286802
_d286802